00520nam a22001817a 4500003000500000020001800005038001200023082001600035100003400051245002300085260003300108300002200141500001500163563001400178942001200192999001700204952011700221NUST a9789351117476 akhadija a530.12bSIN aSingh, Amrendra Kumar.982583 aQuantum Mechanics  aNew Delhi :bRandom, c2015. a328 p. ; b22 cm. aHardcover. ahardcover cBK2ddc c33935d33935 00102ddc4070aSMMEbSMMEcGENd2016-05-20o530.12 SINpSMME-3085r2018-03-29w2016-05-20yBKzRack,44-Shelf,4